Biological conservation: with particular emphasis on wild life (Record no. 358136)
[ view plain ]
| 000 -LEADER | |
|---|---|
| fixed length control field | 003540000a22001450004500 |
| 060 ## - NATIONAL LIBRARY OF MEDICINE CALL NUMBER | |
| Classification number | 100 |
| 082 ## - DEWEY DECIMAL CLASSIFICATION NUMBER | |
| Classification number | 574.5 BLA |
| 100 ## - MAIN ENTRY--PERSONAL NAME | |
| Personal name | Black, John D |
| 245 ## - TITLE STATEMENT | |
| Title | Biological conservation: with particular emphasis on wild life |
| 260 ## - PUBLICATION, DISTRIBUTION, ETC. (IMPRINT) | |
| Place of publication, distribution, etc. | New York, Mc Graw- Hill Book Company Inc |
| 260 ## - PUBLICATION, DISTRIBUTION, ETC. (IMPRINT) | |
| Date of publication, distribution, etc. | 1954 |
| 300 ## - PHYSICAL DESCRIPTION | |
| Extent | 328 |
| 650 ## - SUBJECT ADDED ENTRY--TOPICAL TERM | |
| Topical term or geographic name as entry element | Ecology/ |
| 942 ## - ADDED ENTRY ELEMENTS (KOHA) | |
| Koha item type | Books (General) |
| Withdrawn status | Lost status | Damaged status | Not for loan | Home library | Current library | Date acquired | Total Checkouts | Full call number | Barcode | Date last seen | Price effective from | Koha item type |
|---|---|---|---|---|---|---|---|---|---|---|---|---|
| College of Agriculture, Vellayani | College of Agriculture, Vellayani | 02/05/2014 | 574.5 BLA | KAU_COAV-2780 | 02/05/2014 | 02/05/2014 | Books (General) |
